000 00571nam a22001817a 4500
999 _c185512
_d185512
005 20220203120345.0
010 _aENG-131376
020 _a9789390869732
_c280.00
035 _aEN-114908
037 _bDBAD
082 _aS
100 _aVerma, Rrashima Swaarup
245 _aA Break In Love/
_cRrashima Swaarup Verma
260 _aMaharashtra
_bVihwakarma Publications
_c2021
270 _a34A/1, Suyog Center, 7th Floor, Gultekadi Marketyard Road, Giridhar Bhavan Chowk
_bPune
_e411037
_minfo@vpindia.co.in
300 _a216p.
_c22cm(pbk)
942 _2ddc
_cEN
_hS
_mVER